Discovering calculus with Derive

Αποθηκεύτηκε σε:
Λεπτομέρειες βιβλιογραφικής εγγραφής
Κύριος συγγραφέας: Johnson, Jerry
Άλλοι συγγραφείς: Evans, Benny
Μορφή: Βιβλίο
Γλώσσα:English
Δημοσίευση: New York : John Wiley, c1995.
Έκδοση:2nd ed.
Θέματα:
Ετικέτες: Προσθήκη ετικέτας
Δεν υπάρχουν, Καταχωρήστε ετικέτα πρώτοι!

MARC

LEADER 00000cam a2200000 i 4500
001 1/53696
008 980907s1995 nyu| ||| |||| ||eng||
020 |a 0471009725 
035 |l 10044778 
040 |a GR-MyUa  |b gre  |e AACR2 
041 0 |a eng 
082 7 |a 515.0285   |2 (22) 
100 1 |a Johnson, Jerry. 
245 1 0 |a Discovering calculus with Derive /   |c Jerry Johnson, Benny Evans. 
250 |a 2nd ed. 
260 |a New York :   |b John Wiley,   |c c1995. 
300 |a viii, 340 σ. :   |b εικ. ;   |c 26 εκ. 
500 |a Περιλαμβάνει ευρετήρια. 
630 0 0 |a Derive. 
650 0 |a Calculus  |x Data processing. 
700 1 |a Evans, Benny. 
852 |a INST  |b SAMOS  |e 19980907  |h 515.0285 JOH  |p 005300010922  |q 005300010922  |t BK  |y 0 
901 |a BIBL-1998-3 
922 |a 3ΕΛΗ  |b 199807  |c ΔΩΡ  |d JOHN WILEY